O reino do silêncio (Registo nº 55175)

Detalhes MARC
000 -Etiqueta do registo
campo de controlo de comprimento fixo 006670000a22002050004500
001 - Identificador do registo
Campo de controlo 55175
010 ## - ISBN
Número (ISBN) 978-989-95736-1-1
100 ## - Dados Gerais de Proc.
Dados gerais de processamento 20090917d2008 a y0pory5003 ba
101 0# - Língua da publicação
Língua do texto, banda sonora, etc. Português
102 ## - País de Publicação
País de publicação Portugal
200 1# - Título
Título próprio O reino do silêncio
Primeira menção de responsabilidade Pedro Seromenho
210 ## - Publicação, Distribuição
Lugar da edição, distribuição, etc. Braga
Nome do editor, distribuidor, etc. Librobraga
Data da publicação, distribuição, etc. 2008
215 ## - Descrição física
Descrição física 154 p.
675 ## - CDU
Notação 821.134.3-31
Edição BN
Língua da edição Português
700 #1 - Responsabilidade principal
Palavra de ordem Seromenho
Outra parte do nome Pedro
Datas 1975-
090 ## - Números de controlo do sistema (Koha)
Número biblioitem do Koha (gerado automaticamente) 55175
942 ## - Elementos de entrada adicionados (Koha)
Tipo de item no Koha Monografias
Suprimido Disponível no OPAC
999 ## - Campo local
Campo local 55175
-- Bibliobase - BEBDMI
-- 2019-01-21
Exemplares
Perdido (estado) Data de aquisição Origem do registo (biblioteca) (codificado) Código da organização que empresta ou é detentora (biblioteca) Código de barras Cota Data de empréstimo ou depósito Tipo de circulação (não pode ser emprestado) Tipo de item e material
Disponível 2009-09-17 Biblioteca EB23 D. Manuel I Biblioteca EB23 D. Manuel I BEBDMI4316 82-93 SER 2024-12-13 Normal Monografias
Disponível 2009-09-17 Biblioteca EB23 D. Manuel I Biblioteca EB23 D. Manuel I BEBDMI4314 82-93 SER   Normal Monografias
Disponível 2009-09-17 Biblioteca EB23 D. Manuel I Biblioteca EB23 D. Manuel I BEBDMI4315 82-93 SER   Normal Monografias